000 00454nam a2200181Ia 4500
005 20240823042353.0
008 240823s9999||||xx |||||||||||||| ||und||
041 _aENGLISH
082 _A004 P2
100 _aKumar R S
245 0 _aComputer Practice-i Lan Manual
250 _a1st
260 _c2002
_bHi-Tech Publica
500 _aTRANSFERED
650 _aComputer Practice
_bInformation Technology
700 _a Evelyn Brinda V
942 _cBK
999 _c207708
_d207708